Ägyptens Aufbruch in die Geschichte : frühe (Kultur-)Technologien im Niltal - Highlights aus dem Ägyptischen Museum und Papyrussammlung Berlin /
Main Author:
Corporate Author:
Format: Book
Language: German
Published:
Wiesbaden :
Reichert Verlag,
2015.
Series:
Agypten im Blick ;
1.
Subjects:
Tags: Add Tag
Call Number: DT59 .B443 A2 v.1
| LEADER | 01233namaa2200301 4500 | ||
|---|---|---|---|
| 003 | OSt | ||
| 005 | 20260510064055.0 | ||
| 008 | 130303t20152015gw ab b 000 0 ger d | ||
| 020 | |a 9783954901197 | ||
| 040 | |c ARCE Library | ||
| 050 | 4 | |a DT59 .B443 A2 v.1 | |
| 100 | 1 | |a Kuhn, Robert, |e author | |
| 245 | 1 | 0 | |a Ägyptens Aufbruch in die Geschichte : |b frühe (Kultur-)Technologien im Niltal - Highlights aus dem Ägyptischen Museum und Papyrussammlung Berlin / |c Robert Kuhn. |
| 264 | 1 | |a Wiesbaden : |b Reichert Verlag, |c 2015. | |
| 264 | 4 | |c ©2015. | |
| 300 | |a 94 pages ; |b illustrations (chiefly color), map ; |c 24 cm. | ||
| 490 | 1 | |a Agypten im Blick ; |v 1. | |
| 500 | |a Catalog of an exhibition at the Neues Museums, 18.6.2015 to 16.11.2015. | ||
| 504 | |a Includes bibliographical references (page 94) | ||
| 650 | 0 | |a Technology |z Egypt |x History |v Exhibitions. | |
| 651 | 0 | |a Egypt |x History |y Early Dynastic Period, ca. 3100-ca. 2686 B.C |v Exhibitions. | |
| 651 | 0 | |a Egypt |x Antiquities |v Exhibitions. | |
| 651 | 0 | |a Egypt |x Civilization |y To 332 B.C. |v Exhibitions. | |
| 710 | 2 | |a Agyptisches Museum und Papyrussammlung (Berlin,Germany) | |
| 830 | 0 | |a Agypten im Blick ; |v 1. | |
| 901 | |a reviewed | ||
| 942 | |c BK |2 lcc | ||
| 999 | |c 7313 |d 7313 | ||
